00773nam a2200217Ia 4500001000700000003000500007008004100012010001100053040000900064100003000073245014200103260004100245300001000286502007600296650002100372650003100393650003500424650003500459650002700494700003400521Z_4587CHAP220113s2=00 xx 000 0 und d a167662 cCHAP aLara Rodríguez, Jonatan aActividad reproductiva postparto de vacas Holstein en Chapingo, México /cpor Jonatan Lara Rodríguez y Efraín Rodríguez Hilario aChapingo, Méx. :bEl autor,c2002 a68 h. aTesis (Ing. Agr. Esp. en Zootecnia) -- UACH. Departamento de Zootecnia aGanado Holstein  aGanado vacunoxFertilidad  aGanado vacunoxMéxico (Edo.) aGanado vacunoxReproducción  aReproducción animal  aRodríguez Hilario, Efraín